00440nam a2200121Ia 4500008004100000100001900041245005000060245002600110260000900136856008100145999001900226952007300245160531s9999 xx 000 0 und d aIvanov, Petar. aPregnancy Thrombophilia: The Unsuspected Risk cby Petar Ivanov (ed.) c2013 uhttp://www.intechopen.com/books/pregnancy-thrombophilia-the-unsuspected-risk c295397d295397 001040aCLbCLd2016-05-31l0r2016-05-31 00:00:00w2016-05-31yCBE